• 首页
  • 本馆介绍
  • 公告通知
  • 最新文献
  • 馆藏检索
  • 电子资源
  • 读者导购
  • 参考咨询
  • 我的图书馆
  • 登录
  • 详细信息显示
  • 放入我的书架
  • 预约/预借图书
  • 作者相关作品
  • 分类相关作品
  • 丛书相关作品
  • 出版社相关作品

书目信息

  • 表格格式
  • 工作单格式
  • 卡片格式
题名:
带孩子去玩的300个地方
    
 
作者: 江乐兴 主编
分册:  
出版信息: 北京   化学工业出版社  2015
页数: 276页
开本: 21cm
丛书名:
单 册:
中图分类: K928.91
科图分类:
主题词: 旅游指南--lv you zhi nan--北京
电子资源:
ISBN: 978-7-122-23740-8
000 00876nam0 22002411 450
001 1759774223
005 20170605165345.32
010    @a978-7-122-23740-8@dCNY39.80
100    @a20150914d2015 em y0chiy50 ea
101 0  @achi
102    @aCN@b110000
105    @aa z 001yy
106    @ar
200 1  @a带孩子去玩的300个地方@Adai hai zi qu wan de 300ge di fang@e北京@e最新全彩版@f江乐兴主编
205    @a3版
210    @a北京@c化学工业出版社@d2015
215    @a276页@c图@d21cm
330    @a本书细致网罗了北京及周边300多个出游地,提供详细的景点信息和贴心的出行提示;为孩子量身定制的19种不同玩法十大首选,满足不同年龄、不同爱好孩子游玩的需要,给家长的出游策划献计献策。
606 0  @a旅游指南@Alv you zhi nan@y北京
690    @aK928.91@v5
701  0 @a江乐兴@Ajiang le xing@f(197?~)@4主编
801  0 @aCN@bTANGWEI@c20170517
905    @b1007436-41@dK928.91@e1006=3@f6
    
    带孩子去玩的300个地方:北京:最新全彩版/江乐兴主编.-3版.-北京:化学工业出版社,2015
    276页:图;21cm
    
    
    ISBN 978-7-122-23740-8:CNY39.80
    本书细致网罗了北京及周边300多个出游地,提供详细的景点信息和贴心的出行提示;为孩子量身定制的19种不同玩法十大首选,满足不同年龄、不同爱好孩子游玩的需要,给家长的出游策划献计献策。
●
相关链接 在E读中查询图书 在五车中查询图书 在当当中查询图书 在豆瓣中查询图书


正题名:带孩子去玩的300个地方     索取号:K928.91/1006=3         预约/预借

序号 登录号 条形码 馆藏地/架位号 状态 备注
1 1007436   210074364   第二样本阅览室/ [索取号:K928.91/1006=3] 在馆    
2 1007437   210074373   教育系资料室/ [索取号:K928.91/1006=3] 在馆    
3 1007438   210074382   教育系资料室/ [索取号:K928.91/1006=3] 在馆    
4 1007439   210074391   教育系资料室/ [索取号:K928.91/1006=3] 在馆    
5 1007440   210074408   第二借阅区/ [索取号:K928.91/1006=3] 在馆    
6 1007441   210074417   第二借阅区/ [索取号:K928.91/1006=3] 在馆    
唐山师范学院图书馆 欢迎您!
大连网信软件有限公司© 版权所有